[Event "Let's Play Chess!"]
[Site "http://www.queenalice.com/game.php?id=839070"]
[Date "2010.9.28"]
[Round "-"]
[White "igorjava"]
[Black "P"]
[Result "1-0"]
[WhiteElo "1905"]
[BlackElo "1264"]

1. e4 c6 2. Nf3 d5 3. e5 Bg4 4. d4 e6 5. Be2 c5 6. c3 Nc6 7. O-O Qb6 8. a3 Bxf3
9. Bxf3 cxd4 10. cxd4 Qxd4 11. Qxd4 1-0

[Event "AUTO-OPEN-2118"]
[Site "http://www.queenalice.com/game.php?id=839317"]
[Date "2010.9.29"]
[Round "1"]
[White "dorszu"]
[Black "P"]
[Result "1-0"]
[WhiteElo "1707"]
[BlackElo "1658"]

1. Nf3 d5 2. c4 c6 3. d4 Bg4 4. h3 Bh5 5. e3 Nf6 6. Be2 Nbd7 7. O-O e6 8. Re1 c5
9. cxd5 Nxd5 10. Bd2 Bxf3 11. Bxf3 N7f6 12. dxc5 Bxc5 13. Nc3 O-O 14. Nxd5 Nxd5
15. Qc2 Rc8 16. Red1 Bxe3 17. Bc3 1-0

[Event "AUTO-OPEN-2118"]
[Site "http://www.queenalice.com/game.php?id=839318"]
[Date "2010.9.29"]
[Round "1"]
[White "P"]
[Black "dorszu"]
[Result "0-1"]
[WhiteElo "1570"]
[BlackElo "1759"]

1. e4 c6 2. d4 d5 3. exd5 cxd5 4. c4 dxc4 5. Bxc4 e6 6. Nf3 Nf6 7. Nc3 Bb4 8.
Qa4+ Nc6 9. Ne5 Bxc3+ 10. bxc3 O-O 11. Nxc6 bxc6 12. Qxc6 Bd7 13. Qf3 Qa5 14.
O-O Bb5 15. Bxb5 Qxb5 16. Bd2 Qb2 17. Rfd1 Rfc8 0-1

[Event "AUTO-OPEN-2118"]
[Site "http://www.queenalice.com/game.php?id=839337"]
[Date "2010.9.29"]
[Round "1"]
[White "sphagnis"]
[Black "P"]
[Result "1-0"]
[WhiteElo "1500"]
[BlackElo "1432"]

1. e4 c6 2. d4 d5 3. Nc3 dxe4 4. Nxe4 Bf5 5. Nc3 Nf6 6. Bg5 Nbd7 7. Nf3 e6 8.
Ne5 Nxe5 9. dxe5 Qxd1+ 10. Rxd1 Nd7 11. Bd3 Bxd3 12. Rxd3 Nxe5 13. Rd4 Be7 14.
Bxe7 Kxe7 15. O-O Rad8 16. Rxd8 Rxd8 17. Rd1 Rxd1+ 18. Nxd1 Kd6 19. Ne3 Kc5 20.
f4 Kd4 21. Kf2 Nc4 22. c3+ Kd3 23. Nxc4 Kxc4 24. Ke3 f5 25. h3 h5 26. h4 a5 27.
Kd2 1-0

[Event "AUTO-OPEN-2118"]
[Site "http://www.queenalice.com/game.php?id=839338"]
[Date "2010.9.29"]
[Round "1"]
[White "P"]
[Black "sphagnis"]
[Result "0-1"]
[WhiteElo "1373"]
[BlackElo "1524"]

1. e4 e5 2. Nf3 d6 3. Bc4 Nc6 4. d3 Nd4 5. Nxd4 exd4 6. Nd2 Nf6 7. Nf3 c5 8. Ng5
Bg4 9. Bxf7+ Kd7 10. f3 Bh5 11. Bxh5 Nxh5 12. f4 Qf6 13. Qxh5 g6 14. Qh3+ Kc6
15. Qe6 Qxe6 16. Nxe6 Be7 17. O-O d5 18. exd5+ Kd6 19. f5 Kxd5 20. Nc7+ Kc6 21.
Nxa8 Rxa8 22. fxg6 hxg6 23. Rf7 Kd6 24. Bf4+ Kd7 25. Re1 Re8 26. Rexe7+ Rxe7 27.
Rxe7+ Kxe7 28. Bb8 a5 0-1

[Event "AUTO-OPEN-2118"]
[Site "http://www.queenalice.com/game.php?id=839347"]
[Date "2010.9.29"]
[Round "1"]
[White "Tigrao"]
[Black "P"]
[Result "1-0"]
[WhiteElo "1841"]
[BlackElo "1264"]

1. e4 c6 2. d4 d5 3. e5 Bf5 4. Bd3 Bxd3 5. Qxd3 e6 6. Nf3 c5 7. b3 Nc6 8. O-O
cxd4 9. Bf4 Bc5 10. Qb5 Qb6 11. Qxb6 Bxb6 12. Rd1 Nge7 13. a4 a6 14. Nbd2 O-O
15. Rab1 Ng6 16. Bg3 1-0

[Event "AUTO-OPEN-2118"]
[Site "http://www.queenalice.com/game.php?id=839348"]
[Date "2010.9.29"]
[Round "1"]
[White "P"]
[Black "Tigrao"]
[Result "0-1"]
[WhiteElo "1264"]
[BlackElo "1843"]

1. e4 e5 2. Nf3 d6 3. Bc4 h6 4. O-O Nf6 5. Re1 Bg4 6. c3 Be7 7. d4 Nbd7 8. Qd3
Bxf3 9. Qxf3 Nb6 10. Bb3 O-O 11. Nd2 Rc8 12. Qg3 c5 13. dxe5 dxe5 14. Qxe5 Bd6
0-1

[Event "Challenge"]
[Site "http://www.queenalice.com/game.php?id=839944"]
[Date "2010.9.30"]
[Round "-"]
[White "SexMachineX"]
[Black "P"]
[Result "0-1"]
[WhiteElo "1102"]
[BlackElo "1500"]

1. e4 c6 2. Bc4 d5 3. Bb3 e5 4. Nf3 dxe4 5. Nxe5 Nh6 6. d4 exd3 7. cxd3 Qa5+ 8.
Nd2 Qxe5+ 9. Qe2 Qxe2+ 10. Kxe2 Be7 11. Re1 O-O 12. Kf1 Bg5 13. Ne4 Bxc1 14.
Raxc1 Bf5 15. Nc5 b6 16. Na4 Bxd3+ 17. Kg1 Na6 18. Re3 Bb5 19. Nc3 Rfe8 20. Ne4
c5 21. a4 Bc6 22. f3 Nc7 23. Bc2 f5 24. Bb3+ Kh8 0-1

[Event "AUTO-OPEN-2120"]
[Site "http://www.queenalice.com/game.php?id=840044"]
[Date "2010.9.30"]
[Round "1"]
[White "P"]
[Black "sphagnis"]
[Result "0-1"]
[WhiteElo "1399"]
[BlackElo "1513"]

1. e4 e5 2. f4 Nc6 3. Nf3 exf4 4. Bc4 Bc5 5. d4 Bb4+ 6. c3 Ba5 7. O-O Nf6 8.
Bxf4 Nxe4 9. Ne5 Rf8 10. Bxf7+ Rxf7 11. Nxf7 Kxf7 12. Bxc7+ Qf6 13. Rxf6+ Kxf6
14. Bxa5 b6 15. Bxb6 axb6 16. Qf3+ Ke7 17. Qxe4+ Kd8 18. Qxh7 Kc7 19. Qxg7 Ba6
20. Nd2 Nd8 21. Nf3 Ne6 22. Qe5+ Kb7 23. Qd5+ Kb8 24. Qxd7 Nc7 25. Re1 Bc8 26.
Qc6 Ra6 27. Re8 Nxe8 28. Qxe8 Rxa2 0-1

[Event "AUTO-OPEN-2120"]
[Site "http://www.queenalice.com/game.php?id=840045"]
[Date "2010.9.30"]
[Round "1"]
[White "sphagnis"]
[Black "P"]
[Result "1-0"]
[WhiteElo "1534"]
[BlackElo "1352"]

1. e4 c6 2. Nf3 d5 3. d3 dxe4 4. dxe4 Qxd1+ 5. Kxd1 Bg4 6. Be2 Nd7 7. h3 Bh5 8.
g4 Bg6 9. Nc3 e5 10. Nh4 Bc5 11. Be3 Bxe3 12. fxe3 Ne7 13. Nf3 O-O 14. b4 Rad8
15. Kc1 Nc8 16. Rd1 f6 17. Bc4+ Bf7 18. Bxf7+ Kxf7 19. b5 cxb5 20. Nxb5 Nc5 21.
Rxd8 Rxd8 22. g5 Nxe4 23. Kb2 Ncd6 24. Nxa7 Ra8 25. Nh4 1-0

[Event "AUTO-OPEN-2123"]
[Site "http://www.queenalice.com/game.php?id=841691"]
[Date "2010.10.4"]
[Round "1"]
[White "CesarLMarques"]
[Black "P"]
[Result "1-0"]
[WhiteElo "2278"]
[BlackElo "1570"]

1. e4 c6 2. Nf3 d5 3. Nc3 d4 4. Ne2 Bg4 5. Nfxd4 Qxd4 6. Nxd4 Bxd1 7. Kxd1 e5 8.
Nb3 Nf6 9. f3 a5 10. d4 exd4 11. Bf4 1-0

[Event "AUTO-OPEN-2123"]
[Site "http://www.queenalice.com/game.php?id=841692"]
[Date "2010.10.4"]
[Round "1"]
[White "P"]
[Black "CesarLMarques"]
[Result "0-1"]
[WhiteElo "1570"]
[BlackElo "2279"]

1. e4 c5 2. Nf3 Nc6 3. d4 cxd4 4. Nxd4 Nf6 5. Nc3 d6 6. Bc4 Qb6 7. Nf5 Nxe4 8.
Nxg7+ Bxg7 9. Nxe4 Bf5 10. Ng3 Bxb2 11. Bxb2 Qxb2 0-1

[Event "AUTO-OPEN-2123"]
[Site "http://www.queenalice.com/game.php?id=841719"]
[Date "2010.10.4"]
[Round "1"]
[White "horsemen"]
[Black "P"]
[Result "1-0"]
[WhiteElo "1443"]
[BlackElo "1540"]

1. c4 c6 2. Nf3 d5 3. b3 Bg4 4. Nd4 e5 5. Nc2 Nf6 6. Nc3 Bc5 7. g3 Qd7 8. d3 Bh3
9. Bxh3 Qxh3 10. f3 Qg2 11. Kd2 O-O 12. Ne3 Bxe3+ 13. Kxe3 d4+ 14. Kd2 dxc3+ 15.
Kxc3 Nbd7 16. Ba3 Rfe8 17. Qe1 Rad8 18. f4 1-0

[Event "AUTO-OPEN-2123"]
[Site "http://www.queenalice.com/game.php?id=841720"]
[Date "2010.10.4"]
[Round "1"]
[White "P"]
[Black "horsemen"]
[Result "0-1"]
[WhiteElo "1478"]
[BlackElo "1463"]

1. d4 Nf6 2. Nf3 d6 3. c4 c5 4. dxc5 dxc5 5. Qxd8+ Kxd8 6. Nc3 Nc6 7. Ng5 Ke8 8.
Nb5 Kd8 9. Nxf7+ Ke8 10. Nxh8 Rb8 11. Bg5 a6 12. Nc3 Bf5 13. Bxf6 gxf6 14. e4
Be6 15. Nd5 Bg7 16. Nc7+ Kd7 17. Nxe6 Kxe6 18. Bd3 Ne5 0-1

[Event "AUTO-OPEN-2123"]
[Site "http://www.queenalice.com/game.php?id=841737"]
[Date "2010.10.4"]
[Round "1"]
[White "geniolucio"]
[Black "P"]
[Result "0-1"]
[WhiteElo "1572"]
[BlackElo "1501"]

1. e4 c6 2. Nf3 d5 3. exd5 cxd5 4. Bb5+ Bd7 5. Bxd7+ Qxd7 6. d4 Nf6 7. O-O e6 8.
Bg5 Bd6 9. Ne5 Qb5 10. Qc1 Nc6 11. Nc3 Qb6 12. Na4 Qxd4 13. Nxc6 Qxa4 14. Nxa7
Rxa7 15. b3 Qg4 16. h3 Qh5 17. Be3 Ra8 18. Bd4 Be5 19. Bxe5 Qxe5 20. Re1 Qc7 21.
a4 O-O 22. c3 Ne4 23. Re3 Rfc8 24. c4 Qf4 25. Ra2 d4 26. Qe1 dxe3 27. fxe3 Qg3
28. Qb1 Qxe3+ 29. Kh2 Nc3 30. Qb2 Nxa2 31. Qxa2 Rd8 0-1